[Event "Lvov Bobersky 150 ann"]
[Site "Lvov"]
[Date "2023.12.19"]
[Round "4"]
[White "Biletskyy, Dmytro"]
[Black "Goncharenko, Rostislav"]
[Result "1/2-1/2"]
[WhiteElo "1926"]
[BlackElo "1672"]
[PlyCount "73"]
[EventDate "2023.12.19"]
[EventType "tourn (blitz)"]
[EventRounds "14"]
[EventCountry "UKR"]
[SourceTitle "CB52_2023"]
[SourceDate "2023.12.27"]
[SourceVersion "1"]
[SourceVersionDate "2023.12.27"]
[SourceQuality "1"]

1. e4 e5 2. Nf3 Nc6 3. Bb5 a6 4. Bxc6 dxc6 5. Nxe5 Qd4 6. Nf3 Qxe4+ 7. Qe2 Qxe2+ 8. Kxe2 Bg4 9. h3 Bxf3+ 10. Kxf3 Nf6 11. d4 Bd6 12. c3 0-0-0 13. Bg5 Be7 14. Bxf6 Bxf6 15. Nd2 g6 16. Rhe1 Rhe8 17. Ne4 Bg7 18. Nc5 Bf6 19. Re2 Re7 20. Rae1 Rde8 21. Rxe7 Rxe7 22. Rxe7 Bxe7 23. Nd3 Bd6 24. Ke4 Kd7 25. g4 Ke6 26. Nf4+ Bxf4 27. Kxf4 f6 28. h4 h6 29. Ke4 b6 30. f4 Kd6 31. c4 Ke6 32. c5 a5 33. a4 f5+ 34. gxf5+ gxf5+ 35. Kd3 Kd5 36. cxb6 cxb6 37. h5 1/2-1/2

[Event "Kiev op U16"]
[Site "Kiev"]
[Date "2021.07.21"]
[Round "7"]
[White "Tobak, Mikhail"]
[Black "Biletskyy, Dmytro"]
[Result "1-0"]
[WhiteElo "2067"]
[BlackElo "1796"]
[PlyCount "83"]
[EventDate "2021.07.20"]
[EventType "swiss"]
[EventRounds "11"]
[EventCountry "UKR"]
[SourceTitle "EXT 2022"]
[Source "ChessBase"]
[SourceDate "2021.10.06"]
[SourceVersion "1"]
[SourceVersionDate "2021.10.06"]
[SourceQuality "1"]

1. e4 e5 2. Nf3 Nf6 3. Nc3 Nc6 4. a3 Be7 5. d4 exd4 6. Nxd4 d6 7. Bc4 0-0 8. 0-0 Nxd4 9. Qxd4 Be6 10. Rd1 Qd7 11. Bg5 Bxc4 12. Qxc4 Qc6 13. Qxc6 bxc6 14. f3 Rfe8 15. b4 a6 16. Rd4 Nd7 17. Bxe7 Rxe7 18. Rc4 Ne5 19. Rd4 Nd7 20. Rad1 g6 21. f4 Nb6 22. Kf2 Kg7 23. g4 f5 24. gxf5 gxf5 25. Rg1+ Kf6 26. Rg5 fxe4 27. Nxe4+ Kf7 28. f5 Rae8 29. Kf3 Re5 30. Rh5 h6 31. Ng3 Rh8 32. Rdh4 Kg7 33. Rg4+ Kf7 34. Rgh4 Kg7 35. Ne4 d5 36. f6+ Kf7 37. Rxe5 dxe4+ 38. Rhxe4 Kxf6 39. Re6+ Kf7 40. Rxc6 Rc8 41. Rxh6 Nd5 42. Rxa6 1-0